000 00400pab a2200157 454500
008 180718b2004 xxu||||| |||| 00| 0 eng d
100 _aSthanumoorthy, R.
245 _aEconomic issues in elections: recent trends
260 _c2004
300 _ap.1019-021.
362 _a6 Mar
650 _aElections
700 _aEapen, Leena Mary
773 _aEconomic and Political Weekly
909 _a59777
999 _c59777
_d59777